=LDR 00000nam 2200000 4500 =001 INLIS000000000034588 =005 20130612140504 =008 ***********************************ind** =035 ##$$a0010-061300000034588 =041 ##$$a ind =082 ##$$a F.Rom.K =090 ##$$a F.rom.K, Kus m =100 ##$$a Kustiatari, dewi Rieka =245 ##$$a Melacak penulis misterius, Dewi rieka Kustiantari ; penyuting Dadan R dan huda W =260 ##$$a 2009 $b Bandung =300 ##$$a 139 hlm, ilus, 19 cm =650 ##$$a fisik Kanak-Kanak =650 ##$$a Dadan R =850 ##$$a NBPNMAT =990 ##$$a 91235/BPAP-NTB/2014